[Event "Gyor opJ"]
[Site "Gyor"]
[Date "1992.??.??"]
[Round "?"]
[White "Tomcsanyi, Peter"]
[Black "Szuk, Balazs"]
[Result "0-1"]
[WhiteElo "2235"]
[BlackElo "2310"]

1.e4 c5 2.Nf3 e6 3.d4 cxd4 4.Nxd4 Nc6 5.Nb5 d6 6.c4 Nf6 7.N1c3 a6 8.Na3 Be7
9.Be2 O-O 10.Be3 b6 11.O-O Ne5 12.f3 Qc7 13.Qd2 Bb7 14.Rac1 Rad8 15.Rfd1 Bc6
16.Nd5 Bxd5 17.cxd5 Qb7 18.dxe6 fxe6 19.Nc4 Nxc4 20.Bxc4 d5 21.exd5 Nxd5
22.Bd4 b5 23.Bb3 Nf4 24.Qe3 Bg5 25.Kh1 Ne2 26.Bxe6+ Kh8 27.Qxg5 Nxd4 28.Bg4 Rd5
29.Qe3 Rfd8 30.Re1 h6 31.f4 Qf7 32.b3 Qg6 33.h3 Nc2 34.Qe6 Qxe6 35.Bxe6 Nxe1
36.Rxe1 Rd1 37.Rxd1 Rxd1+ 38.Kh2 a5 39.a4 bxa4 40.bxa4 Rd4  0-1

[Event "Hamburg op"]
[Site "Hamburg"]
[Date "1992.??.??"]
[Round "9"]
[White "Breyther, Ruediger"]
[Black "Tatenhorst, Volker"]
[Result "1-0"]
[WhiteElo "2325"]
[BlackElo "2230"]

1.e4 c5 2.Nf3 Nc6 3.d4 cxd4 4.Nxd4 e6 5.Nb5 d6 6.c4 Nf6 7.N1c3 a6 8.Na3 b6
9.Be2 Bb7 10.O-O Ne5 11.f4 Ned7 12.Bf3 Be7 13.Qe1 Qc7 14.Kh1 Rb8 15.Bd2 O-O
16.Rc1 Rbc8 17.Qe2 Qb8 18.Nc2 Qa8 19.Nd4 Bd8 20.e5 Ne8 21.f5 Bxf3 22.Nxf3 exf5
23.e6 Ne5 24.Nxe5 dxe5 25.Qxe5 Bf6 26.Qxf5 Nd6 27.Qf4 Nxc4 28.Ne4 fxe6 29.Rxc4 Be7
30.Rxc8 Qxc8 31.Rc1 Qd7 32.Qg4 Qd3 33.h3 Bc5 34.Bc3 Rf1+ 35.Rxf1 Qxf1+ 36.Kh2 Bg1+
37.Kg3 Qd3+ 38.Kh4 Qd8+ 39.Qg5 Qf8 40.Nf6+ Kf7 41.Qh5+ Ke7 42.Bb4+ Bc5 43.Bxc5+  1-0

[Event "Helsinki op"]
[Site "Helsinki"]
[Date "1992.??.??"]
[Round "4"]
[White "Ernst, Thomas"]
[Black "Brodsky, Michail"]
[Result "1/2-1/2"]
[WhiteElo "2570"]
[BlackElo "2540"]

1.e4 c5 2.Nf3 e6 3.d4 cxd4 4.Nxd4 Nc6 5.Nb5 d6 6.c4 Nf6 7.N1c3 a6 8.Na3 d5
9.exd5 exd5 10.cxd5 Nb4 11.Be2 Nfxd5 12.O-O Be6 13.Nxd5 Qxd5 14.Bf3 Qxd1
15.Rxd1 Be7 16.Bxb7  1/2-1/2

[Event "Karvina op"]
[Site "Karvina"]
[Date "1992.??.??"]
[Round "8"]
[White "Stripunsky, Alexander"]
[Black "Fominyh, Alexander"]
[Result "1-0"]
[WhiteElo "2415"]
[BlackElo "2530"]

1.e4 c5 2.Nf3 Nc6 3.d4 cxd4 4.Nxd4 e6 5.Nb5 d6 6.c4 Nf6 7.N1c3 a6 8.Na3 Be7
9.Be2 O-O 10.O-O b6 11.Be3 Bb7 12.Qb3 Nd7 13.Rfd1 Nc5 14.Qc2 Bf6 15.Rac1 Nb4
16.Qd2 Rb8 17.Nab1 Qc8 18.Qe1 Rd8 19.Bf1 Ba8 20.a3 Nc6 21.b4 Nb3 22.Rc2 Ncd4
23.Rb2 b5 24.cxb5 axb5 25.Rd3 d5 26.e5 Bxe5 27.Bxd4 Bxd4 28.Rxb3 Bf6 29.Rh3 e5
30.Nxb5 e4 31.N1c3 Qc6 32.a4 d4 33.Nd1 Qc2 34.Na3 Qc7 35.Rb1 d3 36.Ne3 Bb7
37.Rh5 g6 38.Rb5 Bd4 39.Rc1 Qd7 40.Qd2 Ra8 41.a5 Bc6 42.Rbc5 Bxc5 43.Rxc5 Ba4
44.Nac4 Qd4 45.Nb6 Rab8 46.Rc4 Qa1 47.Rxe4 Bb5 48.Nbd5 Kh8 49.Nc3 Ba6 50.Rh4 Rbc8
51.Ned1 h5 52.b5 Bxb5 53.Nxb5 Rc5 54.Nbc3 Qxa5 55.Rh3 Qc7 56.Ne4 Rf5 57.Rxd3 Rxd3
58.Qxd3 Qe5 59.g3 Qe7 60.Qd4+ Qe5 61.Qd8+ Kg7 62.Ne3 Qxe4 63.Nxf5+ Qxf5 64.Qd4+ Kg8
65.h4 Qe6 66.Bc4 Qe7 67.Kg2 Qb7+ 68.Qd5 Qe7 69.Kf3 Qf6+ 70.Ke3 Qe7+ 71.Kd3 Qf6
72.Qxf7+ Qxf7 73.Bxf7+ Kxf7 74.Ke4 Ke6 75.Kf4 Kf6 76.f3 g5+ 77.hxg5+ Kg6
78.Ke5 Kxg5 79.f4+ Kg4 80.f5 Kxg3 81.f6  1-0

[Event "JUG-ch"]
[Site "Kladovo"]
[Date "1992.??.??"]
[Round "11"]
[White "Smolovic, Mile"]
[Black "Vratonjic, Slobodan"]
[Result "1/2-1/2"]
[WhiteElo "2340"]
[BlackElo "2280"]

1.e4 c5 2.Nf3 e6 3.d4 cxd4 4.Nxd4 Nc6 5.Nb5 d6 6.c4 Nf6 7.N5c3 Be7 8.Be2 O-O
9.O-O b6 10.Bf4 Bb7 11.Nd2 Rc8 12.Rc1 Ne5 13.Bg3 Ng6 14.f4 Re8 15.Bd3 Nd7
16.h3 a6 17.Qe2 Bf8 18.Bb1 Qc7 19.Rce1 Qc5+ 20.Kh1 Qb4 21.Nf3 Nf6 22.Ng5 e5
23.a3 Qc5 24.Bf2 Nxf4 25.Qf3 Qc7 26.Nd5 N4xd5 27.exd5 h6 28.Ne4 Nxe4 29.Rxe4 g6
30.Bxb6 Qe7 31.b3 Bg7 32.Ree1 Rf8 33.Bd4 Qc7 34.Bb2 Rb8 35.Ba2 Bc8 36.Qc3 f5
37.b4 Bd7 38.c5 f4 39.Qd2 a5 40.c6 Bf5 41.Bb1 axb4 42.Bxf5 gxf5 43.axb4 Qb6  1/2-1/2

[Event "ARG-ch sf2"]
[Site "La Plata"]
[Date "1992.??.??"]
[Round "?"]
[White "Adla, Diego"]
[Black "Needleman, Alejandro"]
[Result "1-0"]
[WhiteElo "2435"]
[BlackElo "2340"]

1.e4 c5 2.Nf3 e6 3.d4 cxd4 4.Nxd4 Nc6 5.Nb5 d6 6.c4 Nf6 7.N1c3 a6 8.Na3 Be7
9.Be2 O-O 10.O-O b6 11.Be3 Ne5 12.f3 Bb7 13.Qb3 Ned7 14.Rfd1 Qc7 15.Kh1 Rab8
16.Rac1 Rfc8 17.Qc2 Qd8 18.Qd2 Qe8 19.Bf1 Bf8 20.Qf2 Rd8 21.Nc2 g6 22.Bf4 Ne5
23.Bg5 Bg7 24.Qh4 Qe7 25.Ne3 h6 26.Bxh6 Bxh6 27.Qxh6 Nh5 28.Rc2 Qh4 29.Kg1 Rd7
30.Rf2 f5 31.f4 Rh7 32.Qg5 Qxg5 33.fxg5 f4 34.Nc2 Ng4 35.Rfd2 Nxh2 36.Kxh2 Ng3+
37.Kg1 Bxe4 38.Be2 Rc8 39.Bg4 Kf7 40.Bh3 Rxc4 41.Rxd6  1-0

[Event "Linares NL"]
[Site "Linares"]
[Date "1992.??.??"]
[Round "?"]
[White "Garmendez Gonzalez, Carlos"]
[Black "Hernandez, Gilberto"]
[Result "0-1"]
[WhiteElo "2240"]
[BlackElo "2480"]

1.e4 c5 2.Nf3 e6 3.d4 cxd4 4.Nxd4 Nc6 5.Nb5 d6 6.Bf4 e5 7.Be3 Nf6 8.Bg5 Be6
9.N1c3 a6 10.Na3 d5 11.exd5 Bxa3 12.dxe6 Bxb2 13.exf7+ Kf8 14.Bd2 Bxa1 15.Qxa1 Qd4
16.Be3 Qb4 17.a3 Qa5 18.Bd2 Rd8 19.Bd3 Nb4 20.O-O Nxd3 21.Ne4 Qd5 22.Nxf6 gxf6
23.cxd3 Kxf7 24.Be3 h5 25.Qb2 b5 26.Bb6 Rdg8 27.f3 h4 28.d4 Rb8 29.Bc5 Rbd8
30.Bb6 Rd6 31.Bc5 Rd7 32.Qf2 exd4 33.Bb4 d3 34.Kh1 Qc4 35.h3 Qf4 36.Bd2 Qg3
37.Qb6 Re8 38.Bc3  0-1

[Event "Manila ol (Men)"]
[Site "Manila"]
[Date "1992.??.??"]
[Round "?"]
[White "Ernst, Thomas"]
[Black "Zapata, Alonso"]
[Result "1/2-1/2"]
[WhiteElo "2535"]
[BlackElo "2515"]

1.e4 c5 2.Nf3 e6 3.d4 cxd4 4.Nxd4 Nc6 5.Nb5 d6 6.c4 Nf6 7.N1c3 a6 8.Na3 Be7
9.Be2 O-O 10.O-O b6 11.Be3 Bb7 12.Qb3 Nd7 13.Rfd1 Ra7 14.Rac1 Ba8 15.Qc2 Qb8
16.Kh1 Rc7 17.Qd2 Rd8 18.f3 Nf6 19.Bf1 Ne5 20.Qf2 Ned7 21.Nab1 Rcc8 22.a3 Bc6
23.Nd2 a5 24.Nb3 e5 25.Na1 a4 26.Nc2 Nc5 27.Nb4 Be8 28.Be2 Qb7 29.Re1 h6
30.Bd1 Nh7 31.Bc2 Bg5 32.Red1 Bxe3 33.Qxe3 Ng5 34.Rd2 Nge6 35.Ne2 Na6 36.Nxa6 Qxa6
37.Rcd1 Qxc4 38.Qxb6 Rb8 39.Bd3 Qc5 40.Qxc5 dxc5 41.Bc4 Rxd2 42.Rxd2 Nd4
43.Kg1 g6 44.Kf2 Kg7 45.Ke3 Bc6 46.Bd5 Bd7 47.f4 exf4+ 48.Kxf4 Nxe2+  1/2-1/2

[Event "Manila ol (Men)"]
[Site "Manila"]
[Date "1992.??.??"]
[Round "?"]
[White "Tan Lian Ann"]
[Black "Pyhala, Antti"]
[Result "1-0"]
[WhiteElo "2370"]
[BlackElo "2365"]

1.e4 c5 2.Nf3 e6 3.d4 cxd4 4.Nxd4 Nc6 5.Nb5 d6 6.c4 Nf6 7.N1c3 a6 8.Na3 b6
9.Be2 Bb7 10.O-O Nb8 11.f3 Nbd7 12.Be3 Qc7 13.Rc1 Rc8 14.Qe1 Qb8 15.Qf2 Be7
16.Na4 Bc6 17.Nxb6 Nxb6 18.Bxb6 Nd7 19.Bd4 e5 20.Bc3 d5 21.b4 dxe4 22.Nc2 O-O
23.c5 exf3 24.Bxf3 Ba4 25.Ne3 g6 26.Bd5 Kg7 27.Qg3 Bd8 28.Nf5+ Kh8 29.Nd6 f6
30.Nxc8 Qxc8 31.Be6 Be7 32.Rf2 Qc6 33.Bxd7 Qxd7 34.Rd2 Qe6 35.Re1 Bb5 36.Qf3 Bc6
37.Qd3 Qc8 38.a3 Kg7 39.Qe3 h5 40.Bb2 Qe6 41.Bc1 h4 42.Qh6+ Kf7 43.Qh7+ Ke8
44.Qxg6+ Qf7 45.Qf5  1-0

[Event "Manila ol (Men)"]
[Site "Manila"]
[Date "1992.??.??"]
[Round "?"]
[White "Santana, Orlando"]
[Black "Small, Vernon A"]
[Result "1/2-1/2"]
[WhiteElo "2260"]
[BlackElo "2390"]

1.e4 c5 2.Nf3 e6 3.d4 cxd4 4.Nxd4 Nc6 5.Nb5 d6 6.Bf4 e5 7.Be3 Be6 8.N1c3 a6
9.Na3 b5 10.Nd5 Rb8 11.c3 Nf6 12.Bg5 Be7 13.Bxf6 Bxf6 14.Nc2 a5 15.Be2 Bg5
16.O-O Ne7 17.Nce3 Bxe3 18.Nxe3 O-O 19.Qd2 Qb6 20.Rfd1 Rfd8 21.Bf3 b4 22.b3 bxc3
23.Qxc3 Rbc8 24.Qb2 Rc5 25.Rd3 Nc6 26.Nc2 f5 27.g3 fxe4 28.Bxe4 d5 29.Bg2 Bf5
30.Rd2 d4 31.Re1 Nb4 32.Nxb4 axb4 33.Be4 Bxe4 34.Rxe4 Qc6 35.Re1 d3 36.Red1 e4
37.a3 bxa3 38.Qxa3 Rc2 39.Qb4 Rxd2 40.Rxd2 Ra8 41.Qc4+ Qxc4 42.bxc4 Ra1+
43.Kg2 Rc1 44.g4 Rxc4 45.Kg3 Kf7 46.f3 Rc2 47.Rd1 exf3 48.Rxd3 f2 49.Rf3+ Ke6
50.Rxf2 Rxf2 51.Kxf2 g5 52.Ke2  1/2-1/2

[Event "Mar del Plata op"]
[Site "Mar del Plata"]
[Date "1992.??.??"]
[Round "8"]
[White "Spangenberg, Hugo"]
[Black "Giardelli, Sergio C"]
[Result "1/2-1/2"]
[WhiteElo "2305"]
[BlackElo "2430"]

1.e4 c5 2.Nf3 e6 3.d4 cxd4 4.Nxd4 Nc6 5.Nb5 d6 6.Bf4 e5 7.Be3 Nf6 8.Bg5 Be6
9.c4 Rc8 10.N1c3 a6 11.Na3 Be7 12.Be2 O-O 13.Be3 Nd7 14.O-O Nc5 15.Qd2 Nd4
16.Bxd4 exd4 17.Qxd4 Bf6 18.Qd2 Qa5 19.Rac1 Na4 20.Nab1 Nxc3 21.Nxc3 Bxc4  1/2-1/2

[Event "Montevideo ITT"]
[Site "Montevideo"]
[Date "1992.??.??"]
[Round "9"]
[White "Adla, Diego"]
[Black "Valiente, Cristobal"]
[Result "1-0"]
[WhiteElo "2435"]
[BlackElo "2345"]

1.e4 c5 2.Nf3 e6 3.d4 cxd4 4.Nxd4 Nc6 5.Nb5 d6 6.c4 Nf6 7.N1c3 a6 8.Na3 b6
9.Be2 Bb7 10.O-O Nb8 11.f3 Be7 12.Bf4 O-O 13.Qd2 Nh5 14.Be3 Nf6 15.Rfd1 Nbd7
16.Rac1 Re8 17.Kh1 Qc7 18.Bf1 Rab8 19.Nc2 Ne5 20.Nd4 Kh8 21.b3 Rbc8 22.Na4 Ned7
23.b4 Qd8 24.Nb3 Bc6 25.Nb2 Bb7 26.Bf4 Ne5 27.Re1 Nh5 28.Be3 f5 29.exf5 exf5
30.Nd4 g6 31.Nd3 Bh4 32.Bf2 Nxd3 33.Bxd3 Bxf2 34.Qxf2 Qc7 35.Ne6 Qd7 36.Qxb6 Rxe6
37.Rxe6 Qxe6 38.Qxb7 Re8 39.Qb6 Qe5 40.Bf1 f4 41.Rd1 Ng7 42.Qxd6 Qxd6 43.Rxd6 Nf5
44.Rd1 Ne3 45.Rb1  1-0

[Event "URU-ch"]
[Site "Montevideo"]
[Date "1992.??.??"]
[Round "9"]
[White "Roselli Mailhe, Bernardo"]
[Black "Izquierdo, Daniel"]
[Result "1/2-1/2"]
[WhiteElo "2350"]
[BlackElo "2315"]

1.e4 c5 2.Nf3 e6 3.d4 cxd4 4.Nxd4 Nc6 5.Nb5 d6 6.Bf4 e5 7.Be3 a6 8.N5c3 Be6
9.Na3 Nf6 10.Nc4 Be7 11.Nb6 Rb8 12.Be2 O-O 13.O-O Nd7 14.Nxd7 Qxd7 15.Nd5 Bd8
16.Qd2 Ne7 17.Nxe7+ Bxe7 18.c4 f5 19.exf5 Bxf5 20.Rfd1 Qe6 21.Qd5 Qxd5 22.Rxd5 Be6  1/2-1/2

[Event "Norresundby op"]
[Site "Norresundby"]
[Date "1992.??.??"]
[Round "6"]
[White "Borge, Nikolaj"]
[Black "Kristensen, Jorgen Juul"]
[Result "1/2-1/2"]
[WhiteElo "2335"]
[BlackElo "2325"]

1.e4 c5 2.Nf3 e6 3.d4 cxd4 4.Nxd4 Nc6 5.Nb5 d6 6.c4 Nf6 7.N1c3 a6 8.Na3 Be7
9.Be2 b6 10.O-O Bb7 11.Be3 Nb8 12.f3 Nbd7 13.Qd2 O-O 14.Rfd1 Qc7 15.Rac1 Rac8
16.Bf1 Rfe8 17.Qf2 Bf8 18.g4 Qb8 19.Kh1 g6 20.Bg2 Bc6 21.Nc2 Ba8 22.Na3 Bc6
23.Nc2 Ba8 24.Na3  1/2-1/2

[Event "Norresundby op"]
[Site "Norresundby"]
[Date "1992.??.??"]
[Round "8"]
[White "Borge, Nikolaj"]
[Black "Holmsgaard, Henrik"]
[Result "1-0"]
[WhiteElo "2335"]
[BlackElo "2290"]

1.e4 c5 2.Nf3 e6 3.d4 cxd4 4.Nxd4 Nc6 5.Nb5 d6 6.c4 Nf6 7.N1c3 a6 8.Na3 b6
9.Be2 Bb7 10.Be3 Nb8 11.f3 Nbd7 12.O-O Be7 13.Qd2 O-O 14.Rfd1 Qc7 15.Rac1 Rac8
16.Bf1 Rfe8 17.Qf2 Bd8 18.Bf4 Ne5 19.Ncb5 axb5 20.Nxb5 Qb8 21.Nxd6 Ng6 22.Bg3 e5
23.Nxe8 Nxe8 24.Rxd8 Rxd8 25.Qxb6 Rd6 26.Qb3 Qc8 27.Qc3 Ba6 28.b4 Rc6 29.a4 Nd6
30.b5 Bxb5 31.axb5 Nxb5 32.Qb2 Nd6 33.Bxe5 Nxc4 34.Bxc4 Rxc4 35.Rxc4 Qxc4
36.Bxg7 Nf4 37.Bh6 Qc5+ 38.Kh1  1-0

[Event "Norresundby op"]
[Site "Norresundby"]
[Date "1992.??.??"]
[Round "8"]
[White "Berg, Klaus"]
[Black "Kristensen, Jorgen Juul"]
[Result "1-0"]
[WhiteElo "2385"]
[BlackElo "2325"]

1.e4 c5 2.Nf3 e6 3.d4 cxd4 4.Nxd4 Nc6 5.Nb5 d6 6.Bf4 e5 7.Be3 Nf6 8.Bg5 a6
9.Bxf6 gxf6 10.N5c3 f5 11.Qh5 Bg7 12.Bc4 O-O 13.Nd2 Nd4 14.O-O-O b5 15.Bd3 d5
16.exf5 e4 17.Ndxe4 dxe4 18.Bxe4 Qf6 19.Rxd4 Rb8 20.Rhd1 Re8 21.Nd5 Qxd4
22.Rxd4 Bxd4 23.Qg5+ Kf8 24.Qh6+ Kg8 25.f6  1-0

[Event "Odorheiu Secuiesc"]
[Site "Odorheiu Secuiesc"]
[Date "1992.??.??"]
[Round "?"]
[White "Bach, Adrian"]
[Black "Pogorelov, Ruslan"]
[Result "1-0"]
[WhiteElo "2315"]
[BlackElo "2385"]

1.e4 c5 2.Nf3 e6 3.d4 cxd4 4.Nxd4 Nc6 5.Nb5 d6 6.c4 Nf6 7.N1c3 a6 8.Na3 b6
9.Be2 Bb7 10.O-O Nb8 11.f3 Be7 12.Bf4 Qc7 13.Qd2 Nbd7 14.Rad1 Ne5 15.Bg3 O-O
16.Kh1 Rfd8 17.f4 Ng6 18.Bf3 Rab8 19.Qe2 Ba8 20.Rc1 Rbc8 21.h4 Nd7 22.h5 Nh4
23.Bg4 Re8 24.Bh3 Nf8 25.Qf2 Qd8 26.f5 exf5 27.exf5 Rc5 28.Rcd1 Bxg2+ 29.Bxg2 Rxf5
30.Qe2 Bf6 31.Qg4 Nxg2 32.Kxg2 Rg5 33.Qf3 Ree5 34.Rd5 Ne6 35.Nc2 Qe7 36.h6 Rg6
37.hxg7 Bh4 38.Rxe5 Bxg3 39.Rf5  1-0

[Event "RUS-ch"]
[Site "Orel"]
[Date "1992.??.??"]
[Round "?"]
[White "Isupov, Vladimir"]
[Black "Petrushin, Alexander I"]
[Result "0-1"]
[WhiteElo "2235"]
[BlackElo "2380"]

1.e4 c5 2.Nf3 e6 3.d4 cxd4 4.Nxd4 Nc6 5.Nb5 d6 6.c4 Nf6 7.N1c3 a6 8.Na3 Be7
9.Be2 O-O 10.O-O Bd7 11.Be3 Qa5 12.Qd2 Rfd8 13.Rfd1 Be8 14.f3 Nd7 15.Nc2 Bf6
16.Rab1 Rac8 17.b4 Qc7 18.Na4 d5 19.exd5 exd5 20.cxd5 Ne7 21.Rbc1 Qd6 22.Nc5 Nxc5
23.bxc5 Qxd5 24.Qa5 Nc6 25.Rxd5 Nxa5 26.Nb4 Ba4 27.Rxd8+ Rxd8 28.Kf2 Bb2
29.Rb1 Bc3 30.f4 Bd4 31.Bxd4 Rxd4 32.Ke3 Rd7 33.g3 Kf8 34.Rc1 Bb5 35.Bg4 Re7+
36.Kd4 g6 37.Rc2 f5 38.Bf3 Rd7+ 39.Kc3 Ke7 40.Re2+ Bxe2 41.Bxe2 Rc7 42.Kd4 Rd7+
43.Ke5 Rd2 44.Bf3 Nc4+  0-1

[Event "RUS-ch"]
[Site "Orel"]
[Date "1992.??.??"]
[Round "?"]
[White "Isupov, Vladimir"]
[Black "Tregubov, Pavel V"]
[Result "0-1"]
[WhiteElo "2235"]
[BlackElo "2385"]

1.e4 c5 2.Nf3 e6 3.d4 cxd4 4.Nxd4 Nc6 5.Nb5 d6 6.c4 Nf6 7.N1c3 a6 8.Na3 b6
9.Be2 Bb7 10.O-O Nb8 11.Qc2 Be7 12.Be3 Nbd7 13.f4 Qc7 14.Bf3 Rc8 15.Rac1 Qb8
16.Qe2 O-O 17.Bf2 Qa8 18.Nab1 b5 19.cxb5 axb5 20.a3 e5 21.f5 Nc5 22.Bxc5 Rxc5
23.Nxb5 d5 24.exd5 e4 25.N1c3 Bxd5 26.Nxd5 Qxd5 27.Nc3 Qd4+ 28.Kh1 exf3 29.Qxe7 fxg2+
30.Kxg2 Re8 31.Qb7 Qd2+ 32.Kh1 Ng4 33.Qg2 Qxg2+ 34.Kxg2 Ne3+ 35.Kg3 Nxf1+
36.Rxf1 Ree5 37.Rd1 h5 38.Rd8+ Kh7 39.Rd3 Rxf5 40.b4 Rc4 41.h3 Rcf4 42.Nd1 h4+
43.Kg2 Rg5+ 44.Kh2 Rf1 45.Rd4 Kg6 46.a4 f5 47.Rd2 f4 48.Nf2 Rgg1 49.Ng4 Rh1+  0-1

[Event "DEN-chJ int"]
[Site "Ringsted"]
[Date "1992.??.??"]
[Round "1"]
[White "Sammalvuo, Tapani"]
[Black "Aagaard, Jacob"]
[Result "1/2-1/2"]
[WhiteElo "2275"]
[BlackElo "2240"]

1.e4 c5 2.Nf3 e6 3.d4 cxd4 4.Nxd4 Nc6 5.Nb5 d6 6.c4 Nf6 7.N1c3 a6 8.Na3 Be7
9.Be2 O-O 10.O-O b6 11.Be3 Bb7 12.Qb3 Nd7 13.Rfd1 Nc5 14.Qc2 Qc7 15.Rac1 Rfd8
16.Qd2 Rac8 17.Nc2 Ne5 18.f3 Ncd7 19.Nd4 Qb8 20.b3 Nf6 21.Qe1 d5 22.cxd5 exd5
23.Nf5 Bf8 24.Qg3 g6 25.f4 Rxc3 26.Rxc3 Nxe4 27.Qe1 Nxc3 28.Qxc3 Nd7 29.Ng3 Nc5
30.f5 Re8 31.Bf3 Bg7 32.f6 Bh8 33.Bd4 Qd6 34.Bg4 Ne4 35.Nxe4 Rxe4 36.Bc8 Rxd4
37.Rxd4 Qxf6 38.Bxb7 Qxd4+ 39.Qxd4 Bxd4+ 40.Kh1 Kf8 41.Bxd5 Ke7  1/2-1/2

[Event "Sao Paulo op"]
[Site "Sao Paulo"]
[Date "1992.??.??"]
[Round "?"]
[White "Cid, Marino Alejandro"]
[Black "Zapata, Alonso"]
[Result "0-1"]
[WhiteElo "2425"]
[BlackElo "2515"]

1.e4 c5 2.Nf3 e6 3.d4 cxd4 4.Nxd4 Nc6 5.Nb5 d6 6.c4 Nf6 7.N1c3 a6 8.Na3 b6
9.Be2 Bb7 10.f4 Be7 11.Be3 O-O 12.Bf3 Rc8 13.Rc1 Na5 14.Na4 b5 15.Bb6 Qd7
16.Bxa5 bxa4 17.Qd3 e5 18.O-O Qc6 19.Bc3 Nxe4 20.Bxe4 Qxe4 21.Qxe4 Bxe4 22.fxe5 dxe5
23.Bxe5 Rfe8 24.Bc3 Bc5+ 25.Kh1 Rc6 26.Nc2 Rg6 27.Ne1 Bc6 28.Rc2 Re3 29.Rd2 h5
30.Nc2 Re4 31.Rf5 Rxc4 32.Rxh5 Rf4 33.h4 f5 34.Nd4 Rf1+  0-1

[Event "Alekhine op"]
[Site "Smolensk"]
[Date "1992.??.??"]
[Round "5"]
[White "Ginsburg, Gennadij"]
[Black "Kalegin, Evgenij"]
[Result "0-1"]
[WhiteElo "2395"]
[BlackElo "2370"]

1.e4 c5 2.Nf3 e6 3.d4 cxd4 4.Nxd4 Nc6 5.Nb5 d6 6.c4 Nf6 7.N1c3 a6 8.Na3 b6
9.Be2 Bb7 10.O-O Nb8 11.f3 Nbd7 12.Be3 Be7 13.Qd2 Qc7 14.Rfd1 O-O 15.Bf1 Rac8
16.Rac1 Qb8 17.Kh1 Kh8 18.Nc2 Rg8 19.Nd4 Bd8 20.b4 Bc7 21.b5 a5 22.Nc6 Bxc6
23.bxc6 Nc5 24.Nb5 Qa8 25.Rb1 Bb8 26.c7 Bxc7 27.Nxc7 Rxc7 28.Rxb6 Nb7 29.Bf4 e5
30.Be3 Nd7 31.Rb5 Rd8 32.Rdb1 Kg8 33.Be2 h6 34.Qd5 Nf6 35.Qd2 Nd7 36.Bf2 Rdc8
37.Bh4 a4 38.Qd5 Ndc5 39.Bf2 Rc6 40.Be3 Qa6 41.f4 exf4 42.Bxf4 Nd8 43.Bd2 Qa7
44.Rf1 Qe7 45.Ba5 Nde6 46.Bh5 Ng5 47.h4 Ncxe4 48.Re1 Ng3+ 49.Kg1 Qa7+ 50.Kh2 Nxh5
51.hxg5 Nf4 52.Qf3 hxg5 53.Rxg5 Rxc4 54.Bc3 Rxc3 55.Qxf4 R3c5 56.Qd4 g6 57.Re4 Ra5
58.Rxa5 Qxa5 59.Qxa4 Qh5+ 60.Kg3 Rc3+ 61.Kf2 Qf5+ 62.Kg1 Rc1+ 63.Kh2 Qh5+
64.Kg3 Qc5 65.Kh2  0-1

[Event "Alekhine op"]
[Site "Smolensk"]
[Date "1992.??.??"]
[Round "7"]
[White "Nevostrujev, Vladimir"]
[Black "Kalegin, Evgenij"]
[Result "1-0"]
[WhiteElo "2450"]
[BlackElo "2370"]

1.e4 c5 2.Nf3 e6 3.d4 cxd4 4.Nxd4 Nc6 5.Nb5 d6 6.c4 Nf6 7.N1c3 a6 8.Nd4 Qa5
9.Nb3 Qc7 10.Be2 Ne5 11.Qd4 b6 12.Be3 Ned7 13.O-O Bb7 14.f3 Be7 15.Rfd1 O-O
16.Rac1 Rac8 17.Kh1 Rfd8 18.Bg5 h6 19.Bh4 Qb8 20.Qg1 Re8 21.Bg3 Nh5 22.Bf2 Bd8
23.Nd4 Qa8 24.b4 Nhf6 25.Bf1 Bc7 26.Nb3 Qb8 27.Rb1 Qa8 28.Na4 Rb8 29.Rbc1 Bc6
30.Nc3 Bb7 31.Bg3 Ne5 32.Bf2 Ned7 33.Bg3 Ne5 34.a4 Nh5 35.Bf2 Bc8 36.Be3 Nf6
37.Qf2 Ng6 38.Qa2 Bb7 39.Bf2 Bc8 40.Rc2 Ne5 41.Qa1 Bb7 42.Ra2 d5 43.exd5 exd5
44.c5 Bc8 45.Nb5 Bd8 46.Nd6 Re6 47.Nxc8 Rxc8 48.cxb6 d4 49.b7 Qxb7 50.Nc5 Rxc5
51.bxc5 d3 52.Bxd3 Bc7 53.Qb1 Qc6 54.Be4 Qe8 55.Bf5 Re7 56.Re1 Nd5 57.Qc1 Ba5
58.Rf1 Nc3 59.Rc2 g6 60.Bd4 Nd5 61.Be4 Nb4 62.Re2 Kh7 63.Bb1 Nbc6 64.Ba1 h5
65.Qg5 Bd8 66.f4 Re6 67.Qxh5+ Kg8 68.Qh6 Rf6 69.Ree1  1-0

[Event "Somerset op"]
[Site "Somerset"]
[Date "1992.??.??"]
[Round "?"]
[White "Hoyos Millan, Luis Bernardo"]
[Black "McCarthy, Brian"]
[Result "0-1"]
[WhiteElo "2215"]
[BlackElo "2275"]

1.e4 c5 2.Nf3 e6 3.d4 cxd4 4.Nxd4 Nc6 5.Nb5 d6 6.Bf4 e5 7.Be3 Nf6 8.Bg5 Be6
9.N1c3 a6 10.Bxf6 gxf6 11.Na3 b5 12.Nd5 Bg7 13.Bd3 O-O 14.Qh5 Ne7 15.c3 Ng6
16.Rd1 f5 17.g3 fxe4 18.Bxe4 f5 19.Bc2 Kh8 20.O-O e4 21.f4 Bxd5 22.Rxd5 Ne7
23.Rd2 Qb6+ 24.Kg2 Qc6 25.Kh3 Rf6 26.Rfd1 e3 27.Rd4 Rh6  0-1

[Event "Somerset op"]
[Site "Somerset"]
[Date "1992.??.??"]
[Round "?"]
[White "Hoyos Millan, Luis Bernardo"]
[Black "Stoyko, Stephen E"]
[Result "1-0"]
[WhiteElo "2215"]
[BlackElo "2325"]

1.e4 c5 2.Nf3 Nc6 3.d4 cxd4 4.Nxd4 e6 5.Nb5 d6 6.Bf4 e5 7.Be3 Nf6 8.Bg5 a6
9.Bxf6 gxf6 10.N5a3 b5 11.c4 b4 12.Nc2 Bg7 13.Bd3 O-O 14.Qh5 f5 15.exf5 e4
16.Bxe4 Re8 17.Nd2 d5 18.cxd5 Qxd5 19.O-O Rxe4 20.Nxe4 Qxe4 21.Rfe1 Qxf5
22.Re8+ Bf8 23.Qxf5 Bxf5 24.Rxa8 Bxc2 25.Rc1 Nd4 26.Kh1 b3 27.axb3 Bxb3 28.Rc3  1-0

[Event "Tampere"]
[Site "Tampere"]
[Date "1992.??.??"]
[Round "5"]
[White "Nokso Koivisto, Antti"]
[Black "Pyhala, Antti"]
[Result "0-1"]
[WhiteElo "2330"]
[BlackElo "2365"]

1.e4 c5 2.Nf3 e6 3.d4 cxd4 4.Nxd4 Nc6 5.Nb5 d6 6.c4 Nf6 7.N1c3 a6 8.Na3 b6
9.Be2 Bb7 10.f4 Be7 11.O-O d5 12.cxd5 exd5 13.exd5 Nb4 14.Qb3 O-O 15.Rd1 Bc5+
16.Kh1 Re8 17.h3 Nfxd5 18.Bf3 Qh4 19.Rf1 Ne3 20.Bxe3 Rxe3 21.Qd1 Rae8 22.Kh2 Qxf4+
23.g3 Qxf3 24.Rxf3 Rxf3 25.g4 Rf2+ 26.Kg3 Rg2+ 27.Kh4 Be7+ 28.Kh5 g6+ 29.Kh6 Bf8+
30.Kg5 h6+ 31.Kf4 g5+ 32.Kf5 Rf2+  0-1

[Event "Tomo Zupan op"]
[Site "Tomo Zupan"]
[Date "1992.??.??"]
[Round "?"]
[White "Markun, Bostjan"]
[Black "Osterman, Rudolf"]
[Result "0-1"]
[WhiteElo "2150"]
[BlackElo "2370"]

1.e4 c5 2.Ne2 e6 3.d4 cxd4 4.Nxd4 Nc6 5.Nb5 d6 6.c4 Nf6 7.N5c3 Be7 8.Be2 O-O
9.O-O b6 10.Bf4 Bb7 11.Nd2 Ne5 12.Rc1 a6 13.Qb3 Nfd7 14.Rfd1 Rc8 15.Nf1 Qc7
16.Ne3 Rfd8 17.Bg3 g5 18.f3 Qb8 19.Bf2 Kh8 20.Qc2 Rg8 21.Qd2 Nf6 22.Qd4 Nfd7
23.b4 f6 24.a3 h5 25.Kh1 Rg7 26.g3 Rcg8 27.Ng2 h4 28.gxh4 g4 29.f4 Nf3 30.Bxf3 gxf3
31.Ne3 f5 32.exf5 Bf6 33.Qd3 Bxh4 34.Bxh4 f2+ 35.Ncd5 exd5 36.cxd5 Qe8 37.Qd4 Qxe3  0-1

[Event "Tomo Zupan op"]
[Site "Tomo Zupan"]
[Date "1992.??.??"]
[Round "?"]
[White "Osterman, Rudolf"]
[Black "Slibar, Matjaz"]
[Result "1-0"]
[WhiteElo "2370"]
[BlackElo "2225"]

1.e4 c5 2.Nf3 e6 3.d4 cxd4 4.Nxd4 Nc6 5.Nb5 d6 6.c4 Nf6 7.N1c3 a6 8.Na3 b6
9.Be2 Bb7 10.O-O Nb8 11.Qd4 Nbd7 12.b3 Qc7 13.b4 Rc8 14.Bb2 Ne5 15.Rac1 Be7
16.Qe3 O-O 17.f4 Nc6 18.Nd5 exd5 19.cxd5 Qd7 20.dxc6 Rxc6 21.Nc4 b5 22.e5 Nd5
23.Qg3 f6 24.Bg4 Qc7 25.Be6+ Kh8 26.Bxd5 Rxc4 27.Bxc4 bxc4 28.exd6 Bxd6 29.Bc3 Bxb4
30.Bxb4 Qb6+ 31.Qf2 Qxb4 32.Rb1  1-0

[Event "Warsaw op"]
[Site "Warsaw"]
[Date "1992.??.??"]
[Round "4"]
[White "Kruppa, Yuri"]
[Black "Delekta, Piotr"]
[Result "1-0"]
[WhiteElo "2475"]
[BlackElo "2265"]

1.e4 c5 2.Nf3 e6 3.d4 cxd4 4.Nxd4 Nc6 5.Nb5 d6 6.c4 Nf6 7.N1c3 a6 8.Na3 Be7
9.Be2 O-O 10.O-O b6 11.Be3 Bb7 12.Qb3 Nd7 13.Rfd1 Nc5 14.Qc2 Qc7 15.Rac1 Rfe8
16.Nab1 Rac8 17.a3 Qb8 18.b4 Nd7 19.f4 Bd8 20.e5 d5 21.cxd5 exd5 22.Bg4 Rc7
23.Qa2 Ne7 24.Ne2 Nf8 25.Nd4 Rxc1 26.Rxc1 b5 27.Nd2 Bb6 28.N2b3 Bc8 29.Bf3 Ne6
30.Qf2 Bd7 31.Nxe6 Bxe3 32.Qxe3 Bxe6 33.Nc5 Qb6 34.Qf2 Rc8 35.g4 g6 36.Kg2 Qd8
37.Rd1 Qc7 38.Qg3 Kh8 39.Qh4 Kg8 40.Qf6 Rd8 41.Nxe6 fxe6 42.Qxe6+ Kf8 43.Rd2 d4
44.f5 gxf5 45.gxf5 d3 46.Qf6+ Kg8 47.Kh3  1-0

[Event "Warsaw op"]
[Site "Warsaw"]
[Date "1992.??.??"]
[Round "6"]
[White "Kolasinski, Marek"]
[Black "Marcinkowski, Kazimierz"]
[Result "1-0"]
[WhiteElo "2315"]
[BlackElo "2235"]

1.e4 c5 2.Nf3 e6 3.d4 cxd4 4.Nxd4 Nc6 5.Nb5 d6 6.c4 Nf6 7.N1c3 a6 8.Na3 Be7
9.Be2 O-O 10.O-O b6 11.Be3 Ne5 12.f3 Bb7 13.Qb3 Ned7 14.Rfd1 Qc7 15.Rd2 Rfe8
16.Rad1 d5 17.cxd5 exd5 18.Nxd5 Bxd5 19.exd5 Bd6 20.Kh1 b5 21.Bg1 Nh5 22.Nc2 Bf4
23.d6 Qd8 24.Be3 Nc5 25.Qb4 Rxe3 26.Nxe3 Bxe3 27.Rd5 Nf4 28.Rxc5 Bxc5 29.Qxf4 Qd7
30.b4 Bb6 31.Bd3 g6 32.h4 Rd8 33.Bc2 Qc6 34.Bb3 Rd7 35.h5 Qc3 36.Rc1 Qe3
37.Rc8+  1-0